| 000 | 00448nab a2200181 a 4500 | ||
|---|---|---|---|
| 001 | 17611 | ||
| 003 | 42873 | ||
| 005 | 20201118095636.0 | ||
| 008 | ||||||n9999 ||| || || | ||
| 245 | 0 | _aPreocupacion por el problema de Taiwan | |
| 300 | _app. 8-9 | ||
| 562 | _e0 | ||
| 650 | _aACTIVIDAD POLITICA | ||
| 650 | _aINDEPENDENCIA POLITICA | ||
| 650 | _aPARTIDOS POLĂTICOS | ||
| 773 |
_017607 _aBeijing Informa - No.29 |
||
| 942 | _cSART | ||
| 999 |
_c17611 _d17611 |
||